Crossover Game Characters - Statistics

General Stats
  • This quiz has been taken 15 times
  • The average score is 113 of 500
Answer Stats
Hint Answer % Correct
Super Mario Mario
100%
Super Mario Peach
100%
King of Fighters K
88%
Super Mario Luigi
88%
Super Mario Bowser
75%
Super Mario Daisy
75%
Donkey Kong Donkey Kong
75%
Kirby Kirby
75%
Legend of Zelda Link
75%
Megaman Megaman
75%
Pokemon Pikachu
75%
Sonic the Hedgehog Sonic
75%
League of Legends Vi
75%
Pokemon Charizard
63%
Donkey Kong Diddy Kong
63%
Street Fighter Ken
63%
Sonic the Hedgehog Knuckles
63%
Rayman Rayman
63%
Mortal Kombat Scorpion
63%
Team Fortress Spy
63%
Spyro Spyro
63%
Minecraft Steve
63%
Mortal Kombat Subzero
63%
Super Mario Toad
63%
Super Mario Waluigi
63%
Super Mario Wario
63%
Legend of Zelda Zelda
63%
Red Dead Redemption Arthur Morgan
50%
Undertale/Deltarune Asgore
50%
Bayonetta Bayonetta
50%
Crash Bandicoot Crash Bandicoot
50%
Kid Icarus Dark Pit
50%
Starfox Fox
50%
Overwatch Genji
50%
Kid Icarus Hades
50%
Resident Evil Jill Valentine
50%
Tekken King
50%
Halo Master Chief
50%
Pac-Man Pac-Man
50%
Valorant Phoenix
50%
Kid Icarus Pit
50%
Metroid Ridley
50%
Street Fighter Ryu
50%
Metroid Samus
50%
Sonic the Hedgehog Shadow
50%
Snake Snake
50%
Undertale/Deltarune Toriel
50%
Overwatch Tracer
50%
Super Mario Yoshi
50%
Hades Zagreus
50%
Hitman Agent 47
38%
Castlevania Alucard
38%
Undertale/Deltarune Asriel
38%
Bomberman Bomberman
38%
League of Legends Caitlyn
38%
F-Zero Captain Falcon
38%
Final Fantasy Cloud
38%
Geometry Dash Cube
38%
Cuphead Cuphead
38%
Street Fighter Dan
38%
Devil May Cry Dante
38%
Diablo | Primal Rage Diablo
38%
Sonic the Hedgehog Dr. Eggman
38%
Overwatch D.va
38%
Undertale/Deltarune Flowey
38%
Five Nights at Freddy's Freddy Fazbear
38%
Undertale/Deltarune Frisk
38%
Donkey Kong Funky Kong
38%
Legend of Zelda Ganondorf
38%
Overwatch Hanzo
38%
Team Fortress Heavy
38%
Henry Stickmin Henry Stickmin
38%
Ice Climbers Ice Climbers
38%
Fire Emblem Ike
38%
Among Us Imposter
38%
League of Legends Jinx
38%
Mortal Kombat Johnny Cage
38%
Kirby King Dedede
38%
Donkey Kong King K. Rool
38%
Mother Lucas
38%
Elden Ring Malenia
38%
Hades Melinoe
38%
Pikmin Olimar
38%
Undertale/Deltarune Papyrus
38%
Pong Pong
38%
Metal Gear Raiden
38%
Mortal Kombat Reptile
38%
Super Mario Rosalina
38%
Undertale/Deltarune Sans
38%
League of Legends Senna
38%
Shantae Shantae
38%
Shovel Knight Shovel Knight
38%
Xenoblade Chronicles Shulk
38%
Metal Gear Solid Snake
38%
Monster Hunter The Monster Hunter
38%
Final Fantasy Tifa
38%
Undertale/Deltarune Undyne
38%
Overwatch Widowmaker
38%
Starfox Wolf
38%
Nier 2B
25%
Nier A2
25%
Skyrim Alduin
25%
Undertale/Deltarune Alphys
25%
Okami Amaterasu
25%
Guilty Gear Anji Mito
25%
Fire Emblem Anna
25%
Starcraft Artanis
25%
Asura's Wrath Asura
25%
Guilty Gear Axl Low
25%
Banjo & Kazooie Banjo & Kazooie
25%
Overwatch Bastion
25%
Super Mario Bowser Junior
25%
League of Legends Braum
25%
Guilty Gear Bridget
25%
Street Fighter Cammy
25%
Resident Evil Chris Redfield
25%
Fire Emblem Chrom
25%
Street Fighter Chun-Li
25%
League of Legends Darius
25%
Metroid Dark Samus
25%
Guilty Gear Dizzy
25%
Doom Doom Slayer
25%
Guilty Gear Elphelt
25%
No Straight Roads | Stellar Blade Eve
25%
Valorant Fade
25%
Guilty Gear Faust
25%
League of Legends Fiddlesticks
25%
Ultrakill Gabriel
25%
World of Warcraft Garrosh Hellscream
25%
Guilty Gear Goldlewis
25%
Yakuza Goro Majima
25%
Valorant Harbor
25%
Hat in Time Hat Kid
25%
League of Legends Illaoi
25%
Guilty Gear Jack-O
25%
World of Warcraft Jaina Proudmoore
25%
Valorant Jett
25%
Persona Joker
25%
Street Fighter JP
25%
Street Fighter Juri
25%
League of Legends Kai'sa
25%
Mortal Kombat Kano
25%
Cuphead King Dice
25%
Yakuza Kiryu Kazama
25%
No Straight Roads Kliff
25%
Guilty Gear Ky Kiske
25%
Undertale/Deltarune Lancer
25%
King of Fighters Leona
25%
Resident Evil Leon S. Kennedy
25%
Diablo Lilith
25%
Apex Legends Loba
25%
Pokemon Lucario
25%
Street Fighter Luke
25%
Celeste Madeline
25%
Fatal Fury Mai Shiranui
25%
League of Legends Malphite
25%
Wii Sports Matt
25%
Guilty Gear May
25%
Overwatch Mercy
25%
Kirby Meta Knight
25%
Undertale/Deltarune Mettaton
25%
Pokemon Mewtwo
25%
Mortal Kombat Mileena
25%
Ace Attorney Miles Edgeworth
25%
Guilty Gear Millia
25%
Doki Doki Literature Club Monika
25%
Game and Watch Mr. Game and Watch
25%
Undertale/Deltarune Muffet
25%
Guilty Gear Nagoriyuki
25%
Valorant Neon
25%
Mother Ness
25%
World of Warcraft N'zoth
25%
Kid Icarus Palutena
25%
Kid Icarus Phosphora
25%
Guilty Gear Potemkin
25%
Putt Putt Putt Putt
25%
League of Legends Qiyana
25%
Mortal Kombat Rain
25%
Overwatch Ramattra
25%
Elden Ring Ranni
25%
Monster Hunter Rathalos
25%
Overwatch Reaper
25%
Overwatch Reinhardt
25%
Apex Legends Revenant
25%
Fire Emblem Roy
25%
Starcraft Sarah Kerrigan
25%
Scarlet Maiden Scarlet
25%
Metal Gear Senator Armstrong
25%
Final Fantasy Sephiroth
25%
League of Legends Shyvana
25%
Guilty Gear Sol Badguy
25%
Valorant Sova
25%
Undertale/Deltarune Susie
25%
Fatal Fury Terry Bogard
25%
Halo The Arbiter
25%
Bloodborne The Hunter
25%
Animal Crossing Tom Nook
25%
Starcraft Tychus Findlay
25%
Street Fighter Vega
25%
Guilty Gear Venom
25%
Devil May Cry Vergil
25%
Overwatch Winston
25%
World of Warcraft Xe'ra
25%
League of Legends Xerath
25%
World of Warcraft Yogg-Saron
25%
Street Fighter Zangief
25%
Starcraft Zeratul
25%
Megaman Zero
25%
Street Fighter Abigail
13%
Pandora's Tower Aeron
13%
Street Fighter A.K.I.
13%
Virtua Fighter Akira
13%
Street Fighter Akuma
13%
Starcraft Alexei Stukov
13%
Octopath Traveler Alfyn
13%
World of Warcraft Algalon
13%
Fire Emblem Alm & Celica
13%
Pokemon Altaria
13%
Apex Legends Alter
13%
Darkstalkers Anakaris
13%
World of Warcraft Anduin Wrynn
13%
World of Warcraft Anub'arak
13%
GUEST CHARACTER Aragorn
13%
Punch Out Aran Ryan
13%
World of Warcraft Arthas Menethil
13%
Astral Chain Astral Chain Hero
13%
Psycho Soldier Athena Asamiya
13%
GUEST CHARACTER A-Train
13%
Blazblue Azrael
13%
Tekken Azucena
13%
Street Fighter Balrog
13%
Blazblue Bang Shishigami
13%
Darkstalkers B.B. Hood
13%
Skullgirls Beowulf
13%
Skullgirls Big Band
13%
Sonic the Hedgehog Big the Cat
13%
Contra Bill & Lance
13%
Pokemon Bisharp
13%
World of Warcraft Blackhand
13%
Street Fighter Blanka
13%
Galaga Boss Galaga
13%
Titanfall BT-7274
13%
Blazblue Bullet
13%
Fire Emblem Byleth
13%
Crypt of the Necrodancer Cadence
13%
Fire Emblem Camilla
13%
GUEST CHARACTER Captain Phasma
13%
Skullgirls Cerebella
13%
Pokemon Ceruledge
13%
Hi-Fi Rush Chai
13%
World of Warcraft Chen Stormstout
13%
GUEST CHARACTER Chitose Kizuki
13%
World of Warcraft Chronormu
13%
Golden Axe Chronos Lait
13%
Rainbow Six Siege Clash
13%
Fire Emblem Claude
13%
Final Fantasy Clive
13%
GUEST CHARACTER Clutch Powers
13%
Content Warning Content Creator
13%
Fire Emblem Corrin
13%
Paper Mario Count Bleck
13%
Crab Game Crab Gamer
13%
World of Warcraft C'thun
13%
Street Fighter C. Viper
13%
Diablo Cydaea
13%
Octopath Traveler Cyrus
13%
Samurai Showdown Darli Dagger
13%
GUEST CHARACTER Death
13%
Golden Axe Death Adder
13%
World of Warcraft Deathwing
13%
Pokemon Decidueye
13%
Street Fighter Dee Jay
13%
World of Warcraft Denathrius
13%
World of Warcraft Devos
13%
Street Fighter Dhalsim
13%
Paper Mario Dimentio
13%
Fire Emblem Dimitri
13%
No Straight Roads DJ Subatomic Supernova
13%
No Straight Roads DK West
13%
Arkanoid DOH
13%
King of Fighters Dolores
13%
Arms Dr. Coyle
13%
Superliminal Dr. Glenn Pierce
13%
Super Mario Dry Bowser
13%
Duck Hunt Duck Hunt Duo
13%
Street Fighter Dudley
13%
Dust: An Elysian Tail Dust
13%
Mortal Kombat D'Vorah
13%
Fire Emblem Edelgard
13%
Street Fighter E. Honda
13%
Street Fighter Elena
13%
Skullgirls Eliza
13%
Metroid E.M.M.I.
13%
Nine Years of Shadow Europa
13%
World of Warcraft Faerin Lothar
13%
Darkstalkers Felicia
13%
World of Warcraft Fyrakk
13%
GUEST CHARACTER Galo Thymos
13%
Pokemon Gardevoir
13%
Fatal Fury Geese Howard
13%
World of Warcraft Genn Greymane
13%
Guilty Gear Giovanna
13%
Pokemon Greninja
13%
World of Warcraft Grommash Hellscream
13%
Street Fighter Guile
13%
Octopath Traveler H'aanit
13%
Street Fighter Hakan
13%
Electroplankton Hanenbow Plankton
13%
Samurai Showdown Haohmaru
13%
Pokemon Haxorus
13%
Blazblue Hazama
13%
Fire Emblem Hector
13%
Tekken Heihachi
13%
Legend of Zelda Hilda
13%
God of Rock Hilde
13%
Street Fighter Hugo
13%
Street Fighter Ibuki
13%
World of Warcraft Illidan Stormrage
13%
Legend of Zelda Impa
13%
Pokemon Incineroar
13%
Sonic the Hedgehog Infinite
13%
King of Fighters Iori Yagami
13%
World of Warcraft Iridikron
13%
Blazblue Iron Tager
13%
Golden Sun Isaac
13%
Street Fighter Jamie
13%
Fatal Fury Joe Higashi
13%
Until Dawn Josh
13%
Overwatch Junkrat
13%
Overwatch Juno
13%
World of Warcraft Kael'thas Sunstrider
13%
AI: The Somnium Files Kaname Date
13%
Resident Evil Karl Heisenberg
13%
Karlson Karlson
13%
Tekken Kazuya
13%
World of Warcraft Khadgar
13%
Street Fighter Kimberly
13%
World of Warcraft King Rastakhan
13%
Guilty Gear Kliff Undersn
13%
Street Fighter Kolin
13%
Hi-Fi Rush Korsica
13%
Metroid Kraid
13%
Borderlands Krieg
13%
King of Fighters Kyo Kusanagi
13%
Resident Evil Lady Dimitrescu
13%
Street Fighter Laura
13%
World of Warcraft Leeroy Jenkins
13%
Street Fighter Lily
13%
Punch Out Little Mac
13%
Bloodlines Lonn Tiernan
13%
Fire Emblem Lucina
13%
Pokemon Lugia
13%
Fire Emblem Lyn
13%
Pokemon Machamp
13%
Mach Rider Mach Rider
13%
Hat in Time Mafia Boss
13%
Kirby Magolor
13%
World of Warcraft Maiev Shadowsong
13%
Pokemon Malamar
13%
World of Warcraft Malfurion Stormrage
13%
Street Fighter Manon
13%
Fire Emblem Marth
13%
Mother Masked Man
13%
Legend of Zelda Master Kohga
13%
World of Warcraft Mathias Shaw
13%
Overwatch Mauga
13%
Arms Max Brass
13%
King of Fighters Maxima
13%
Scribblenauts Maxwell
13%
Borderlands Maya
13%
No Straight Roads Mayday & Zuke
13%
Donut County Mira & BK
13%
Darkstalkers Morrigan
13%
Hat in Time Moustache Girl
13%
Splatoon Mr. Grizz
13%
Skullgirls Ms. Fortune
13%
Xenoblade Chronicles Mumkhar
13%
Triangle Strategy Narve
13%
World of Warcraft Nathanos Blightcaller
13%
No Straight Roads Neon J & 1010
13%
Xenoblade Chronicles Newt
13%
Xenoblade Chronicles Nia
13%
Night in the Woods Night in the Woods Team
13%
Blazblue Nine the Phantom
13%
Mortal Kombat Nitara
13%
Blazblue Noel Vermillion
13%
Rainbow Six Siege Nokk
13%
Apex Legends Octane
13%
Splatoon Off the Hook
13%
Octopath Traveler Olberic
13%
Octopath Traveler Ophilia
13%
Orbital Bullet Orbital Bullet Protagonist
13%
Heroes of the Storm Orphea
13%
Takt of Magic Orville
13%
World of Warcraft Paragons of the Klaxxi
13%
GUEST CHARACTER Paul Atreides
13%
Divergence | Fire Emblem Petra
13%
Ace Attorney Phoenix Wright
13%
Street Fighter Poison
13%
Octopath Traveler Primrose
13%
Legend of Zelda Purah & Robbie
13%
Xenoblade Chronicles Pyra & Mythra
13%
Heroes of the Storm Qhira
13%
World of Warcraft Queen Ansurek
13%
World of Warcraft Queen Azshara
13%
Daemon X Machina Radiant Gleam
13%
World of Warcraft Ragnaros
13%
Blazblue Ragna the Bloodedge
13%
Battletoads Rash
13%
Street Fighter Rashid
13%
World of Warcraft Raszageth
13%
Pokemon Rayquaza
13%
Castlevania Richter Belmont
13%
Just Cause Rico Rodriguez
13%
Shantae Risky Boots
13%
Street Fighter R. Mika
13%
Overwatch Roadhog
13%
Fire Emblem Robin
13%
GUEST CHARACTER Ronald Reagan
13%
God of Rock Rosetta
13%
Sonic the Hedgehog Rouge
13%
Green Reaper Rubin
13%
King of Fighters Rugal
13%
Rusty Slugger's Real Deal Baseball Rusty Slugger
13%
Street Fighter Sagat
13%
Baten Kaitos Sagi, Milly, and Guillo
13%
Sin & Punishment Saki Amamiya
13%
World of Warcraft Sargeras
13%
World of Warcraft Sarkareth
13%
No Straight Roads Sayu
13%
Super Mario Scripulous Fingore
13%
Triangle Strategy Serenoa
13%
Shovel Knight Shield Knight
13%
Legend of Zelda Sidon
13%
Megaman | Overwatch Sigma
13%
Fire Emblem Sigurd
13%
Castlevania Simon Belmont
13%
Legend of Zelda Skull Kid
13%
Snipperclips Snip & Clip
13%
Street Fighter Sodom
13%
Overwatch Sombra
13%
Arms Spring Man
13%
Battle Clash ST Falcon
13%
Stick Fight Stick Fighter
13%
Strider Strider Hiryu
13%
Punch Out Super Macho Man
13%
League of Legends Swain
13%
Pokemon Swampert
13%
World of Warcraft Sylvanas Windrunner
13%
Castlevania Sypha Belnades
13%
Blazblue Taokaka
13%
No Straight Roads Tatiana
13%
My Summer Car Teimo
13%
Tetris Tetris Block
13%
Fire Emblem The Black Knight
13%
Metal Gear The Boss
13%
Hat in Time The Conductor & DJ Grooves
13%
The Finals The Finalists
13%
Dragon Quest The Luminary
13%
Octopath Traveler Therion
13%
Hat in Time The Snatcher
13%
Furi The Stranger
13%
World of Warcraft Thrall
13%
Fire Emblem Tiki
13%
Fire Emblem Timerra
13%
Fatal Fury Tizoc
13%
World of Warcraft Trade Prince Gallywix
13%
No More Heroes Travis Touchdown
13%
Octopath Traveler Tressa
13%
Triangle Strategy Trish
13%
Megaman Tron Bonne
13%
Arms Twintelle
13%
Golden Axe Tyris Flare
13%
Street Fighter Urien
13%
World of Warcraft Valeera Sanguinar
13%
World of Warcraft Varien Wrynn
13%
World of Warcraft Velen
13%
World of Warcraft Ve'nari
13%
Overwatch Venture
13%
King of Fighters Vice & Mature
13%
Final Fantasy Vivi
13%
World of Warcraft Vol'jin
13%
World of Warcraft Vyranoth
13%
Pokemon Walrein
13%
Shadow the Colossus Wander
13%
Neon White White
13%
World of Warcraft Wrathion & Sabellian
13%
World of Warcraft Xal'atath
13%
GUEST CHARACTER Xavier
13%
World of Warcraft Xy'mox
13%
World of Warcraft Yrel
13%
Pokemon Yveltal
13%
The Last Story Zael
13%
League of Legends Zeri
13%
Golden Axe Gilius Thunderhead
0%
No Straight Roads Yinu & Mama
0%
No matching quizzes found
Score Distribution
Percent of People with Each Score
Percentile by Number Answered
Your Score History
You have not taken this quiz